Landmarks of the World - Statistics

General Stats
  • This quiz has been taken 15 times
  • The average score is 46 of 157
Answer Stats
Picture Answer % Correct
Burj Khalifa
86%
Eiffel Tower
86%
Great Wall of China
86%
Leaning Tower of Pisa
86%
Machu Picchu
86%
Mount Everest
86%
Niagara Falls
86%
Stonehenge
86%
Taj Mahal
86%
Christ the Redeemer
71%
CN Tower
71%
Colosseum
71%
Empire State Building
71%
Golden Gate Bridge
71%
Hollywood Sign
71%
Lincoln Memorial
71%
Louvre
71%
Mecca
71%
Mount Fuji
71%
Mount Kilimanjaro
71%
Mount Rushmore
71%
Palace of Versailles
71%
Parthenon
71%
Statue of Liberty
71%
Sydney Opera House
71%
Times Square
71%
White House
71%
Alcatraz Island
57%
Big Ben
57%
Buckingham Palace
57%
Cologne Cathedral
57%
Forbidden City
57%
Hagia Sophia
57%
London Eye
57%
Petra
57%
Pompeii
57%
Sagrada Familia
57%
Space Needle
57%
Sphinx
57%
St Peter's Basilica
57%
Tower Bridge
57%
Trevi Fountain
57%
Washington Monument
57%
Amazon River
43%
Angel Falls
43%
Angkor Wat
43%
Arc de Triomphe
43%
Brandenburg Gate
43%
Brooklyn Bridge
43%
Central Park
43%
Chichen Itza
43%
Disneyland
43%
Grand Canyon
43%
Iguazu Falls
43%
Mont-Saint-Michel
43%
Table Mountain
43%
Tokyo Tower
43%
Atomium
29%
Blue Lagoon
29%
Blue Mosque
29%
Edinburgh Castle
29%
Great Barrier Reef
29%
Great Pyramids of Giza
29%
Liberty Bell
29%
Neuschwanstein Castle
29%
Nile River
29%
Notre Dame Cathedral
29%
Osaka Castle
29%
Petronas Twin Towers
29%
Reichstag
29%
Rock of Gibraltar
29%
Sistine Chapel
29%
St Basil's Cathedral
29%
Sugarloaf Mountain
29%
Sydney Harbour Bridge
29%
Tower of London
29%
Uluru/Ayers Rock
29%
United States Capitol/Capitol Building
29%
Victoria Falls
29%
Winter Palace
29%
Alhambra
14%
Ba Na Hills/Golden Bridge
14%
Dolomites
14%
Easter Island Moai
14%
Fisherman's Bastion
14%
Flame Towers
14%
Gold Coast
14%
Golden Temple
14%
Kennedy Space Centre
14%
Lake Titicaca
14%
Las Vegas Strip
14%
Luxor Temple
14%
Øresund Bridge
14%
Oriental Pearl Tower
14%
Plitvice Lakes
14%
Ponte Vecchio
14%
Potala Palace
14%
Redwood National Park
14%
Swiss Alps
14%
The Shard
14%
Timbuktu
14%
White Cliffs of Dover
14%
Windsor Castle
14%
Yellowstone National Park
14%
Yosemite National Park
14%
Amalienborg Palace
0%
Atacama Desert
0%
Avenue of the Baobabs
0%
Bamyan Buddha
0%
Belem Tower
0%
Belgrade Fortress/Kalemegdan
0%
Besakih Temple
0%
Blue Mountains
0%
Blyde River Canyon
0%
Bolshoi Theatre
0%
Borobudur Temple
0%
Bungle Bungles
0%
Butchart Gardens
0%
Cathedral of Brasilia
0%
Chapultepec Castle
0%
Chocolate Hills
0%
Church of Saint Sava
0%
Cordillera Paine
0%
Death Valley
0%
Dublin Castle
0%
Ephesus
0%
French Riviera
0%
Fushimi Inari Taisha
0%
Galapagos Islands
0%
Garni Temple
0%
Geiranger Fjord
0%
Hawa Mahal
0%
Hofburg Palace
0%
Jeju Island
0%
Kinderdijk Windmills
0%
Mauna Kea
0%
Mesa Verde
0%
Meteora
0%
Moscow Kremlin
0%
Okavango Delta
0%
Perito Moreno Glacier
0%
Peterhof Palace
0%
Roman Forum
0%
Sacre Coeur
0%
Salar de Uyuni
0%
Schönbrunn Palace
0%
Shwedagon Pagoda
0%
Sigiriya
0%
Spanish Steps
0%
St Sophia's Cathedral
0%
Temple of Heaven
0%
Teotihuacan
0%
The Kelpies
0%
Tivoli Gardens
0%
Tulum
0%
Twelve Apostles
0%
Wat Arun
0%
No matching quizzes found
Score Distribution
Percent of People with Each Score
Percentile by Number Answered
Your Score History
You have not taken this quiz